Personaggi più famosi per regione - Statistics

Statistiche generali
  • Questo quiz è stato fatto 113 volte
  • Il punteggio medio è 10 su 20
Statistiche sulle risposte
Hint Risposta Descrizione del personaggio % Corretto
Liguria Cristoforo Colombo La sua nascita è contesa con la Spagna
79%
Veneto Marco Polo Noto esploratore che viaggiò in Cina
79%
Lazio Giulio Cesare Da molti è considerato il primo imperatore romano
76%
Toscana Leonardo da Vinci L'autore del dipinto in copertina
75%
Umbria San Francesco d'Assisi Santo patrono d'Italia
74%
Puglia Aldo Moro Politico del XX secolo, che venne rapito
69%
Abruzzo Ovidio Poeta latino, scrisse "Le metamorfosi"
62%
Emilia-Romagna Giuseppe Verdi Musicista del XIX secolo, un cui brano fu simbolo del Risorgimento
59%
Calabria Gianni Versace Noto stilista del XX secolo, fondatore di un brand di lusso
57%
Sicilia Archimede Noto inventore e matematico dell'antica Grecia
56%
Campania Giordano Bruno Filosofo e poeta del '600, considerato eretico
46%
Friuli-Venezia Giulia Italo Svevo Scrittore del XX secolo, che non usava il suo vero nome
46%
Lombardia Caravaggio Noto pittore manierista, molto litigioso
41%
Sardegna Antonio Gramsci Politico del XX secolo, incarcerato durante il Ventennio fascista
38%
Trentino-Alto Adige Reinhold Messner Noto scalatore che ha raggiunto la cima di tutti gli 8.000
34%
Basilicata Orazio Poeta latino, scrisse "Odi" e "Epistole"
26%
Molise Papa Celestino V Il papa del gran rifiuto
26%
Piemonte Umberto Eco Scrittore del XX secolo, da molti considerato meritevole del Nobel per la letteratura
22%
Marche Federico II di Svevia Uno die più famosi imperatori del Sacro Romano Impero Germanico
18%
Valle d'Aosta Anselmo d'Aosta Uno dei massimi esponenti del pensiero medievale di area cristiana
7%
Nessun quiz corrispondente trovato
Distribuzione punteggi
Percentuale di utenti per punteggio
Percentile per numero di risposta
I tuoi punteggi nel tempo
Non hai fatto questo quiz